| 000 | 00583nam a2200241 a 4500 | ||
|---|---|---|---|
| 001 | 0001-1285 | ||
| 003 | ELIB.Books | ||
| 008 | 150630 2010 eng | ||
| 020 | _a09437870107 | ||
| 035 | _a(ELIB.Books)0001-1440 | ||
| 092 |
_a252 _bRom |
||
| 100 | _aRomeis, Robert S. | ||
| 245 | _aThe Encouraging Word | ||
| 260 |
_aCalifornia _bHabiscus Press _c1989 |
||
| 300 |
_a161 _c22 Cm |
||
| 500 | _aLibrary | ||
| 650 | _aSermon | ||
| 856 |
_nKBTS: Library _uKBTS: Elib |
||
| 942 |
_2ddc _cBK |
||
| 990 | _a1 | ||
| 998 |
_cbat _e2015-06-30 |
||
| 999 |
_c11285 _d11285 |
||